Writer's choice grammar and composition / (Record no. 9782)

MARC details
000 -LEADER
fixed length control field 00586nam a2200169 a 4500
020 ## - INTERNATIONAL STANDARD BOOK NUMBER
ISBN 0026358832 (paperback)
020 ## - INTERNATIONAL STANDARD BOOK NUMBER
ISBN 9780026358835 (paperback)
100 1# - MAIN ENTRY--AUTHOR NAME
Personal name Strong, William.
245 10 - TITLE STATEMENT
Title Writer's choice grammar and composition /
250 ## - EDITION STATEMENT
Edition statement Teacher's Wraparound Edition.
260 ## - PUBLICATION, DISTRIBUTION, ETC. (IMPRINT)
Place of publication [S.l.] :
Name of publisher Glencoe McGraw-Hill,
Year of publication 1996.
300 ## - PHYSICAL DESCRIPTION
Number of Pages 1 v. (unpaged) ;
856 40 - ELECTRONIC LOCATION AND ACCESS
Uniform Resource Identifier http://www.amazon.com/exec/obidos/ASIN/0026358832/chopaconline-20
Holdings
Withdrawn status Lost status Home library Current library Date acquired Full call number Accession Number Koha item type
    Central Library, QUEST, Nawabshah Central Library, QUEST, Nawabshah 10/09/2014 STR D377 Books